Guess the Fusion Rock Song Lyrics #359 - Statistics

General Stats
  • This quiz has been taken 11 times
  • The average score is 161 of 225
Answer Stats
Answer % Correct
me
100%
you
100%
You
100%
a
90%
my
90%
To
90%
to
90%
with
90%
Your
90%
your
90%
You're
90%
And
80%
be
80%
heart
80%
in
80%
love
80%
Love
80%
no
80%
of
80%
that
80%
the
80%
The
80%
around
70%
born
70%
don't
70%
is
70%
it's
70%
its
70%
know
70%
like
70%
on
70%
out
70%
Pat Benatar
70%
were
70%
breaker
60%
dream
60%
has
60%
head
60%
maker
60%
mess
60%
Now
60%
right
60%
control
50%
fantasy
50%
inner
50%
kind
50%
over
50%
release
50%
sinner
50%
soul
50%
Spinning
50%
taker
50%
tidal
50%
wave
50%
winner
50%
Burnin
40%
desire
40%
fire
40%
invincible
40%
left
40%
set
40%
ways
40%
Better
30%
Drownin
30%
promises
30%
takin
30%
taught
30%
toll
30%
unsaid
30%
No matching quizzes found
Score Distribution
Percent of People with Each Score
Percentile by Number Answered
Your Score History
You have not taken this quiz